| 000 | 00786nam a2200229 a 4500 | ||
|---|---|---|---|
| 001 | BRCA_6965 | ||
| 005 | 20190320205649.0 | ||
| 008 | 221111s1954----fr-a######---#000-0#fre-# | ||
| 041 | _afre | ||
| 044 | _afr | ||
| 050 | 4 |
_aN2050.A7 _b.Ch44 1954 |
|
| 245 | 1 | 0 |
_aChefs-d´ Oeuvre de la Curiosité du Monde _b2e exposition internationale de la C.I.N.O.A. 10 Juin - 30 Septembre, 1954. |
| 260 |
_aParís _bMusee des Arts Décoratifs _c1954 |
||
| 300 |
_a1 v. (sin paginación) _bil. _c21 cm. |
||
| 500 | _aO200 | ||
| 610 | 2 | 4 |
_aMusée des Arts Decoratifs (París) _917354 |
| 650 | 1 | 4 |
_aArte _vExposiciones _zParís _917355 |
| 650 | 1 | 4 |
_aGalerías y museos _zFrancia _97839 |
| 710 | 2 |
_aConfederation Internationale des Negociants en Oeuvres d´Art _917356 |
|
| 902 | _aGFM | ||
| 942 |
_2lcc _cB |
||
| 999 |
_c6647 _d6647 |
||